000 00424nam a2200181Ia 4500
001 24451
005 20260414151044.0
008 260414t2014||||xx |||||||||||||| ||spa||
041 _aESP
082 _a345.7
_bP87
100 _aProto Pisani, Andrea
_eAUT
245 0 _aLa tutela jurisdiccional
_b
260 _c2014
300 _a429 páginas :
_c20 cm.
650 _aDER
654 _aCDE
942 _cLIB
_dJUS
_fJUS
_2ddc
_n
999 _c24451
_d24451